| Поле | Инд. | ПП | Название | Значение |
|---|---|---|---|---|
| Тип записи | a | |||
| Библиографический уровень | b | |||
| 001 | Контрольный номер | RU/IS/BASE/109696156 | ||
| 005 | Дата корректировки | 20200601191431.8 | ||
| 084 | a | Индекс другой классификации/Индекс ББК | 67.400.32; 60.561.4 | |
| 100 | 1_ | a | Автор | Степанова Е. Н. |
| 245 | a | Заглавие | Социологическая оценка правового регулирования органного донорства для трансплантации в России | |
| 504 | a | Библиография | Библиогр. ссылки | |
| 650 | a | Основная рубрика | конституционное право (государственное право) | |
| a | Основная рубрика | право | ||
| a | Основная рубрика | социология | ||
| a | Основная рубрика | социология права | ||
| 653 | a | Ключевые слова | донорские органы | |
| a | Ключевые слова | донорство | ||
| a | Ключевые слова | пересадка органов и тканей | ||
| a | Ключевые слова | права человека | ||
| a | Ключевые слова | трансплантация | ||
| a | Ключевые слова | трансплантология | ||
| 773 | t | Заглавие источника | Вестник Московского университета. Серия 18, Социология и политология | |
| d | Дата издания источника | 2002 | ||
| g | Прочая информация | № 4. - С. 174 - 178 | ||
| w | Контрольный № источника | RU/IS/BASE/148578004 | ||
| 901 | t | Тип документа | b |